| 000 | 00656aam a2200241 4500 | ||
|---|---|---|---|
| 005 | 20240813143652.0 | ||
| 008 | 150727b1976 cr oa||f |||| 00| 0 spa d | ||
| 041 | _aESP | ||
| 082 | _a597.96 P585s | ||
| 100 |
_aPicado, Clodomiro _917332 |
||
| 245 | _aSerpientes venenosas de Costa Rica: sus venenos seroterapia anti-ofídica | ||
| 260 | _aCosta Rica | ||
| 260 | _bEUCR | ||
| 260 | _c1976 | ||
| 300 | _a241 páginas | ||
| 505 | _aIncluye ilustraciones y fotografías a blanco y negro | ||
| 650 | _aCOSTA RICA | ||
| 650 | _aSERPIENTES | ||
| 650 | _aSERPIENTES VENENOSAS | ||
| 650 | _aSEROTERAPIA ANTIOFÍDICA | ||
| 942 |
_cBK _2ddc |
||
| 999 |
_c377 _d377 |
||